[Event "Asia Clubs 1st"]
[Site "Al Ain"]
[Date "2008.12.30"]
[Round "6"]
[White "Al Saadi, Jumaa A Gatea"]
[Black "Al Ali, Hussein Ali Hussein"]
[Result "0-1"]
[WhiteElo "2200"]
[BlackElo "2354"]
[PlyCount "84"]
[EventDate "2008.12.25"]
[EventType "team"]
[EventRounds "7"]
[EventCountry "UAE"]
[SourceTitle "CBM 127 Extra"]
[Source "ChessBase"]
[SourceDate "2009.01.08"]
[SourceVersion "2"]
[SourceVersionDate "2009.01.28"]
[SourceQuality "1"]

1. d4 e6 2. c4 Nf6 3. Nf3 Bb4+ 4. Bd2 c5 5. e3 0-0 6. Nc3 cxd4 7. exd4 b6 8. a3 Be7 9. b4 d6 10. Be2 Bb7 11. 0-0 Nbd7 12. Bf4 a6 13. Qb3 Ra7 14. Rfd1 Qa8 15. h3 Rc8 16. Rac1 Ne4 17. Ne1 Nxc3 18. Qxc3 a5 19. Qg3 Nf6 20. b5 Qb8 21. Qe3 Ba8 22. g4 Rac7 23. a4 Bf8 24. g5 Nd7 25. Qg3 e5 26. dxe5 Nxe5 27. Bxe5 dxe5 28. Qxe5 Re8 29. Qb2 Rce7 30. Bf1 Qb7 31. Ng2 Qf3 32. Rd3 Qf5 33. Rg3 Re5 34. Ne3 Rxe3 35. fxe3 Bc5 36. Rc3 Bd6 37. Rg4 Bf3 38. Bg2 Bxg4 39. hxg4 Qxg4 40. Qd2 Bc5 41. Qe2 Qxg5 42. Qf3 Rxe3 0-1

[Event "Amman tt"]
[Site "Amman"]
[Date "2008.06.23"]
[Round "3"]
[White "Al Saadi, Jumaa A Gatea"]
[Black "Husari, Satea"]
[Result "0-1"]
[WhiteElo "2241"]
[BlackElo "2362"]
[PlyCount "63"]
[EventDate "2008.06.21"]
[EventType "team"]
[EventRounds "8"]
[EventCountry "JOR"]
[SourceTitle "CBM 125 Extra"]
[Source "ChessBase"]
[SourceDate "2008.09.01"]
[SourceVersion "1"]
[SourceVersionDate "2008.09.01"]
[SourceQuality "1"]

1. d4 f5 2. c4 Nf6 3. g3 e6 4. Bg2 Be7 5. Nf3 0-0 6. 0-0 d6 7. Nc3 Ne4 8. Qc2 Nxc3 9. bxc3 Bf6 10. e4 fxe4 11. Qxe4 Qe7 12. Ba3 d5 13. Bxe7 dxe4 14. Bxf8 exf3 15. Bxf3 Kxf8 16. Rfe1 Nc6 17. Be4 g6 18. Rab1 Na5 19. Rb5 Nc6 20. Reb1 Nd8 21. f4 c6 22. Ra5 Nf7 23. c5 Ke7 24. Ra3 Kd7 25. Rab3 Kc7 26. g4 Be7 27. g5 e5 28. dxe5 Bxc5+ 29. Kg2 b6 30. h4 Bg4 31. Kg3 Bh5 32. c4 0-1

[Event "Arab Cities-chT 5th"]
[Site "Beirut"]
[Date "2007.04.10"]
[Round "4"]
[White "Al Saadi, Jumaa A Gatea"]
[Black "Ibrahim, Hatim"]
[Result "0-1"]
[WhiteElo "2285"]
[BlackElo "2342"]
[PlyCount "52"]
[EventDate "2007.04.08"]
[EventType "team"]
[EventRounds "9"]
[EventCountry "LBN"]
[SourceTitle "CBM 117 Extra"]
[Source "ChessBase"]
[SourceDate "2007.05.09"]
[SourceVersion "1"]
[SourceVersionDate "2007.05.09"]
[SourceQuality "1"]

1. d4 g6 2. c4 Bg7 3. Nc3 c5 4. d5 Bxc3+ 5. bxc3 f5 6. h4 Nf6 7. h5 Rg8 8. hxg6 hxg6 9. Nf3 Qa5 10. e3 d6 11. Ng5 Nbd7 12. Bd2 Nb6 13. Bd3 Bd7 14. f3 0-0-0 15. Kf2 Rh8 16. Re1 Rdf8 17. Qe2 Qa4 18. Reb1 Nfxd5 19. cxd5 Qh4+ 20. Kf1 Qxg5 21. Qf2 Nxd5 22. c4 Nf6 23. Bc3 e5 24. f4 Qg4 25. Qf3 Bc6 26. Qxg4 Nxg4 0-1

[Event "Arab Clubs-chT 5th"]
[Site "Damascus"]
[Date "2003.07.21"]
[Round "7"]
[White "Al Saadi, Jumaa A Gatea"]
[Black "Mohammad, Samir"]
[Result "0-1"]
[WhiteElo "2271"]
[BlackElo "2295"]
[PlyCount "126"]
[EventDate "2003.07.17"]
[EventType "team"]
[EventRounds "9"]
[EventCountry "SYR"]
[SourceTitle "CBM 095 Extra"]
[Source "ChessBase"]
[SourceDate "2003.09.04"]
[SourceVersion "1"]
[SourceVersionDate "2003.09.04"]
[SourceQuality "1"]

1. d4 Nf6 2. c3 g6 3. Bg5 Bg7 4. Nd2 0-0 5. e4 d6 6. f4 Qe8 7. Be2 e5 8. fxe5 dxe5 9. d5 h6 10. Be3 Nbd7 11. Nh3 Nh7 12. g4 f5 13. gxf5 gxf5 14. exf5 Rxf5 15. Qc2 Rf8 16. 0-0-0 Nhf6 17. Rhg1 Kh8 18. c4 Ng8 19. Rg3 Ndf6 20. Rdg1 Rf7 21. Nf2 Bd7 22. Bd3 Ne7 23. Bc5 Nh5 24. Nde4 b6 25. Bxe7 Qxe7 26. Re3 Nf4 27. Ng3 Raf8 28. Nfe4 h5 29. Kb1 Bh6 30. Ree1 h4 31. Ne2 Nxd3 32. Qxd3 Rf3 33. Qd1 Qh7 34. N2c3 Rxc3 35. bxc3 Rf4 36. Kb2 Rxe4 37. Rxe4 Qxe4 38. Qh5 Qf4 39. Qg6 Qf8 40. Kb3 a5 41. a4 Bf5 42. Qh5 Kh7 43. Qxh4 Qf7 44. Qd8 Bc2+ 45. Kb2 Bg6 46. Qh4 Qf5 47. Qe7+ Bg7 48. Qh4+ Qh5 49. Qg3 Bh6 50. Qf2 Bf4 51. d6 cxd6 52. Kb3 Qf5 53. Qh4+ Kg7 54. Qe7+ Kg8 55. Qd8+ Kf7 56. Qc7+ Kg8 57. Qd8+ Kg7 58. Qe7+ Qf7 59. Qxd6 Qf6 60. Qd7+ Kf8 61. Qc8+ Be8 62. c5 Qf7+ 63. c4 Be3 0-1

[Event "Olympiad-33"]
[Site "Elista"]
[Date "1998.10.09"]
[Round "10.3"]
[White "Al Saadi, Jumaa A Gatea"]
[Black "Holmsten, Aleksei"]
[Result "0-1"]
[WhiteElo "2125"]
[BlackElo "2400"]
[PlyCount "130"]
[EventDate "1998.09.29"]
[EventType "team-swiss"]
[EventRounds "13"]
[EventCountry "RUS"]
[SourceTitle "CBM 068"]
[Source "ChessBase"]
[SourceDate "1999.02.01"]
[SourceVersion "1"]
[SourceVersionDate "1999.02.01"]
[SourceQuality "1"]
[WhiteTeam "Iraq"]
[BlackTeam "Finland"]
[WhiteTeamCountry "IRQ"]
[BlackTeamCountry "FIN"]

1. d4 Nf6 2. c4 g6 3. Nc3 d5 4. cxd5 Nxd5 5. Na4 Nf6 6. Nf3 Bg7 7. g3 Nc6 8. Nc3 0-0 9. Bg2 Nd5 10. 0-0 Nb6 11. e3 e5 12. d5 Na5 13. a4 c6 14. dxc6 Nxc6 15. a5 Nc4 16. a6 Rb8 17. Qe2 N4a5 18. Rd1 Qb6 19. Nd5 Qxa6 20. Qc2 Qc4 21. Qxc4 Nxc4 22. b3 e4 23. Nd4 Bg4 24. Re1 N4a5 25. b4 Nc4 26. Nxc6 bxc6 27. Ne7+ Kh8 28. Rxa7 Bc3 29. Rf1 Be2 30. Nxc6 Ra8 31. Bxe4 Rxa7 32. Nxa7 Rd8 33. Nc6 Rd6 34. Nd4 Bxf1 35. Kxf1 Bxb4 36. Ke2 Kg8 37. Bd3 Ne5 38. Bb2 Rb6 39. Bc1 Bc3 40. Nc2 Rb1 41. Ba3 Nxd3 42. Kxd3 Ba5 43. Nd4 Bb6 44. Nc2 f6 45. Bb4 Kf7 46. Be1 Ke6 47. h3 Bc5 48. Bc3 Bb6 49. Be1 Rb3+ 50. Kc4 Rb2 51. Kd3 f5 52. h4 Rb1 53. Bc3 Bc5 54. Be1 Kd5 55. Bc3 Rb7 56. Bf6 Rd7 57. Bc3 Bf8 58. Bd4 Bg7 59. h5 g5 60. f3 Bxd4 61. Nxd4 f4 62. gxf4 gxf4 63. Nc2 Ke5+ 64. Ke2 fxe3 65. Nxe3 Kf4 0-1